Top Ranked Canadian Universities - Statistics

General Stats
  • This quiz has been taken 25 times
  • The average score is 9 of 15
Answer Stats
Province Answer % Correct
Ontario University of Toronto
96%
Quebec University of Montreal
87%
Quebec McGill University
83%
- University of British Columbia
83%
Alberta University of Calgary
83%
Ontario Western University
70%
Ontario McMaster University
61%
Ontario Queen's University
61%
Ontario University of Waterloo
61%
British Columbia University of Victoria
57%
- University of Alberta
52%
Ontario University of Guelph
48%
British Columbia Simon Fraser University
39%
Ontario Ryerson University
35%
Nova Scotia Dalhousie University
26%
No matching quizzes found
Score Distribution
Percent of People with Each Score
Percentile by Number Answered
Your Score History
You have not taken this quiz